Statistics for General Knowledge - 3 letters #3

Click here to take the quiz!

General Stats

  • This quiz has been taken 23 times
    (12 since last reset)
  • The average score is 11 of 20

Answer Stats

HintAnswer% Correct
The highest or lowest playing card in a deckAce
100%
A humans upper limbArm
100%
Domesticated descendant of the wolfDog
90%
A musical ensemble composed of two musiciansDuo
90%
The primary international airport serving Los AngelesLAX
80%
Popular ones include TikTok and InstagramApp
70%
Gross domestic productGDP
70%
This grain is in the title of J.D. Salinger's most famous novelRye
70%
1988 fantasy-comedy film starring Tom HanksBig
60%
Natural rock or sediment that contains valuable minerals/ metalsOre
60%
The rule by the British Crown on the Indian subcontinent from 1858 to 1947Raj
60%
Rowing team member responsible for steering and coordinationCox
50%
Tom Brady has won this 5 times at the NFL SuperbowlMVP
50%
A fruit, native to the Mediterranean and western AsiaFig
40%
The 23rd letter of the Greek alphabetPsi
40%
Amy Poehler was the voice of this emotion in 2015 Pixar movieJoy
30%
Jackass cast member Brandon Cole Magera's nicknameBAM
10%
A recently hatched fish that can actively feed for itselfFry
10%
Genericized trademark for N2O in the context of motor racingNOS
10%
Protagonist of Kentaro Miura's long-running manga series BerserkGut
0%

Score Distribution

Percentile by Number Answered

Percent of People with Each Score

Your Score History

You have not taken this quiz since the last reset